Rap Album Cover from AI Description - Statistics

General Stats
  • This quiz has been taken 40 times
  • The average score is 7 of 15
Answer Stats
Description Answer % Correct
A cartoon bear is launched from a college campus into space Graduation
94%
Giant golden head as theme park entrance, kids play, surreal sky Astroworld
82%
Man sits atop Toronto’s CN Tower under cloudy sky, contemplative Views
65%
Man sits on rooftop, legs dangling, sky behind, trees surrounding 2014 Forest Hills Drive
41%
Black square, no image—silent, stark, heavy with hidden meaning Donda
41%
Red background, black jagged vampire figure, punk energy, bold contrast Whole Lotta Red
41%
Shirtless man with bandana stands against red background, shattered glass Get Rich or Die Tryin'
38%
Close-up face, blonde wig, blank stare, pastel pink background IGOR
38%
Child’s face blended with aerial view of Queensbridge housing projects Illmatic
38%
Man holds two children, crown on head, blank room, weary eyes Mr. Morale & The Big Steppers
38%
Profile of man’s face against cloudy blue sky, looking forward Nothing Was The Same
38%
Two men pose confidently before warped American flag, vibrant colors Stankonia
35%
Man peeks through red theater curtains, spotlight glows, stage awaits The Eminem Show
29%
Two hands plate pasta, black background, crime-film mood, elegant tension Alfredo
24%
Masked figure in metal mask stands before fiery, apocalyptic background Operation: Doomsday
18%
No matching quizzes found
Score Distribution
Percent of People with Each Score
Percentile by Number Answered
Your Score History
You have not taken this quiz